MARC details
| 000 -LEADER |
| fixed length control field |
02442cam a2200637 i 4500 |
| 001 - CONTROL NUMBER |
| control field |
6003 |
| 003 - CONTROL NUMBER IDENTIFIER |
| control field |
FISKH |
| 005 - DATE AND TIME OF LATEST TRANSACTION |
| control field |
20250225092248.0 |
| 008 - FIXED-LENGTH DATA ELEMENTS--GENERAL INFORMATION |
| fixed length control field |
180516s2019 nyua j 000 f eng d |
| 010 ## - LIBRARY OF CONGRESS CONTROL NUMBER |
| LC control number |
2018945027 |
| 020 ## - INTERNATIONAL STANDARD BOOK NUMBER |
| International Standard Book Number |
9781250196576 |
| Qualifying information |
(hardcover) |
| 020 ## - INTERNATIONAL STANDARD BOOK NUMBER |
| International Standard Book Number |
9781250769244 |
| Qualifying information |
$11.00 |
| 020 ## - INTERNATIONAL STANDARD BOOK NUMBER |
| International Standard Book Number |
1250196574 |
| Qualifying information |
(hardcover) |
| 035 ## - SYSTEM CONTROL NUMBER |
| System control number |
(OCoLC)on1028907336 |
| 040 ## - CATALOGING SOURCE |
| Original cataloging agency |
YDX |
| Language of cataloging |
eng |
| Transcribing agency |
YDX |
| Description conventions |
rda |
| 050 ## - LIBRARY OF CONGRESS CALL NUMBER |
| Classification number |
PZ7.T211135 M |
| 082 ## - DEWEY DECIMAL CLASSIFICATION NUMBER |
| Classification number |
813.6 |
| 100 1# - MAIN ENTRY--PERSONAL NAME |
| Personal name |
Tashjian, Janet, |
| Relator term |
author. |
| 245 10 - TITLE STATEMENT |
| Title |
My life as a meme / |
| Statement of responsibility, etc. |
Janet Tashjian ; with cartoons by Jake Tashjian. |
| 250 ## - EDITION STATEMENT |
| Edition statement |
First Square Fish edition, 2021 |
| 260 ## - PUBLICATION, DISTRIBUTION, ETC. |
| Place of publication, distribution, etc. |
New York : |
| Name of publisher, distributor, etc. |
Square Fish, |
| Date of publication, distribution, etc. |
2019 |
| 300 ## - PHYSICAL DESCRIPTION |
| Extent |
232 pages : |
| Other physical details |
illustrations ; |
| Dimensions |
20 cm. |
| 336 ## - CONTENT TYPE |
| Content type term |
text |
| Content type code |
txt |
| Source |
rdacontent |
| 337 ## - MEDIA TYPE |
| Media type term |
unmediated |
| Media type code |
n |
| Source |
rdamedia |
| 338 ## - CARRIER TYPE |
| Carrier type term |
volume |
| Carrier type code |
nc |
| Source |
rdacarrier |
| 500 ## - GENERAL NOTE |
| General note |
"Christy Ottaviano Books." |
| 520 ## - SUMMARY, ETC. |
| Summary, etc. |
Derek Fallon and his friends are back for another unprecedented adventure in Book 8 of the My Life series--this time featuring epic memes!-- |
| Assigning source |
Publisher's description. |
| 650 #0 - SUBJECT ADDED ENTRY--TOPICAL TERM |
| Topical term or geographic name entry element |
Schools |
| Form subdivision |
Juvenile fiction. |
| 650 #0 - SUBJECT ADDED ENTRY--TOPICAL TERM |
| Topical term or geographic name entry element |
Families |
| Geographic subdivision |
California |
| -- |
Los Angeles |
| Form subdivision |
Juvenile fiction. |
| 650 #0 - SUBJECT ADDED ENTRY--TOPICAL TERM |
| Topical term or geographic name entry element |
Friendship |
| Form subdivision |
Juvenile fiction. |
| 650 #1 - SUBJECT ADDED ENTRY--TOPICAL TERM |
| Topical term or geographic name entry element |
Memes |
| Form subdivision |
Fiction. |
| 650 #1 - SUBJECT ADDED ENTRY--TOPICAL TERM |
| Topical term or geographic name entry element |
Friendship |
| Form subdivision |
Fiction. |
| 650 #1 - SUBJECT ADDED ENTRY--TOPICAL TERM |
| Topical term or geographic name entry element |
Middle schools |
| Form subdivision |
Fiction. |
| 650 #1 - SUBJECT ADDED ENTRY--TOPICAL TERM |
| Topical term or geographic name entry element |
Schools |
| Form subdivision |
Fiction. |
| 650 #1 - SUBJECT ADDED ENTRY--TOPICAL TERM |
| Topical term or geographic name entry element |
Family life |
| Form subdivision |
Fiction. |
| 650 #1 - SUBJECT ADDED ENTRY--TOPICAL TERM |
| Topical term or geographic name entry element |
Children's art. |
| 650 #4 - SUBJECT ADDED ENTRY--TOPICAL TERM |
| Topical term or geographic name entry element |
Schools |
| Form subdivision |
Children's fiction. |
| 650 #7 - SUBJECT ADDED ENTRY--TOPICAL TERM |
| Topical term or geographic name entry element |
JUVENILE FICTION / Social Themes / Adolescence & Coming of Age. |
| Source of heading or term |
bisacsh |
| 650 #7 - SUBJECT ADDED ENTRY--TOPICAL TERM |
| Topical term or geographic name entry element |
JUVENILE FICTION / School & Education. |
| Source of heading or term |
bisacsh |
| 650 #7 - SUBJECT ADDED ENTRY--TOPICAL TERM |
| Topical term or geographic name entry element |
JUVENILE FICTION / Social Themes / Friendship. |
| Source of heading or term |
bisacsh |
| 650 #7 - SUBJECT ADDED ENTRY--TOPICAL TERM |
| Topical term or geographic name entry element |
Families. |
| Source of heading or term |
fast |
| Authority record control number or standard number |
(OCoLC)fst01728849 |
| 650 #7 - SUBJECT ADDED ENTRY--TOPICAL TERM |
| Topical term or geographic name entry element |
Schools. |
| Source of heading or term |
fast |
| Authority record control number or standard number |
(OCoLC)fst01107958 |
| 651 #0 - SUBJECT ADDED ENTRY--GEOGRAPHIC NAME |
| Geographic name |
Los Angeles (Calif.) |
| Form subdivision |
Juvenile fiction. |
| 651 #1 - SUBJECT ADDED ENTRY--GEOGRAPHIC NAME |
| Geographic name |
Los Angeles (Calif.) |
| Form subdivision |
Fiction. |
| 651 #4 - SUBJECT ADDED ENTRY--GEOGRAPHIC NAME |
| Geographic name |
Los Angeles (Calif.) |
| Form subdivision |
Children's fiction. |
| 651 #7 - SUBJECT ADDED ENTRY--GEOGRAPHIC NAME |
| Geographic name |
California |
| Geographic subdivision |
Los Angeles. |
| Source of heading or term |
fast |
| Authority record control number or standard number |
(OCoLC)fst01204540 |
| 655 #0 - INDEX TERM--GENRE/FORM |
| Genre/form data or focus term |
Children's stories. |
| 655 #7 - INDEX TERM--GENRE/FORM |
| Genre/form data or focus term |
Fiction. |
| Source of term |
fast |
| Authority record control number or standard number |
(OCoLC)fst01423787 |
| 655 #7 - INDEX TERM--GENRE/FORM |
| Genre/form data or focus term |
Humorous fiction. |
| Source of term |
fast |
| Authority record control number or standard number |
(OCoLC)fst01726649 |
| 655 #7 - INDEX TERM--GENRE/FORM |
| Genre/form data or focus term |
Juvenile works. |
| Source of term |
fast |
| Authority record control number or standard number |
(OCoLC)fst01411637 |
| 655 #7 - INDEX TERM--GENRE/FORM |
| Genre/form data or focus term |
Humorous fiction. |
| Source of term |
lcgft |
| 700 1# - ADDED ENTRY--PERSONAL NAME |
| Personal name |
Tashjian, Jake, |
| Dates associated with a name |
1994- |
| Relator term |
illustrator. |
| 906 ## - LOCAL DATA ELEMENT F, LDF (RLIN) |
| a |
7 |
| b |
cbc |
| c |
copycat |
| d |
2 |
| e |
epcn |
| f |
20 |
| g |
y-gencatlg |
| 942 ## - ADDED ENTRY ELEMENTS (KOHA) |
| Source of classification or shelving scheme |
Dewey Decimal Classification |
| Koha item type |
Books |
| Suppress in OPAC |
No |